000 01059nam a22002297a 4500
003 OSt
005 20260128093551.0
008 230330b ||||| |||| 00| 0 eng d
040 _cOst
041 _ashan
082 _a895.9198
245 _aပီၵွၼ်းၶမ်းပရိယတ်တိသတ်ထမ်မပႃလၵႅၼ်ႇၸဝ်ႈၸိုင်ႈတႆးဝဵင်းပၢင်လူင်ပီၵေႃးၸႃႇ1319-1370။
_cငဝ်ႈငုၼ်းမုၵ်ႉၸုမ်းလူင်သင်ႇၶႃႇၸိုင်ႈတႆးဝဵင်ႈပၢင်လူင်
260 _c2008
300 _aI၊ 24၊ 222 ၼႃႈ
_bၶႅပ်းႁၢင်ႈ
_c26 ၸိၼ်ႇထီႇ
500 _a S-SAT: Dr. Prof Sai Aung Tun
504 _aပႃးၽိုၼ်ဢိင်
650 _aလိၵ်ႈႁူမ်ႈတုမ်
650 _aထေရုပ်ႉပတ်ႉတိ (ပပ်ႉတီႈမၢႆတွင်း)
942 _cBK
942 _2ddc
942 _2ddc
999 _c23628
_d23628